| 000 | 01359nam0a22002531 4500 | ||
|---|---|---|---|
| 001 | rc\1093640 | ||
| 005 | 20041126173906.7 | ||
| 035 | _a(NLR Aleph) 006340111 | ||
| 090 |
_a7632501 _c7632501 |
||
| 100 | _a20041126d1984 u |0rusy50 ca | ||
| 101 | 0 | _arus | |
| 102 | _aRU | ||
| 105 | _aa ||||||||| | ||
| 200 | 1 |
_aПрограмма механизированного расчета вертикальных цилиндрических резервуаров (REZERV) _f[Купреишвили С.М.] |
|
| 210 |
_aМ. _cЦНИИпроект _d1984 |
||
| 215 |
_a55 с. _cил. _d20 |
||
| 225 | 1 |
_aИнженерно-технический раздел _fЦентр. н.-и. и проект.-эксперим. ин-т по методологии, орг., экономике и автоматизации проектирования и инж. изысканий, Гос. фонд алгоритмов и прогр. Межотрасл. фонд алгоритмов и прогр. автоматизир. систем в стр-ве (МОФАП-АСС) _v1 272. ЕС ЭВМ, ОС, фортран |
|
| 320 | _aБиблиогр.: с. 54 (14 назв.) | ||
| 702 | 1 |
_aКупреишвили _bС. М. _gСевериан Михайлович _4220 |
|
| 801 | 0 |
_aRU _bNLR _gpsbo |
|
| 801 | 1 |
_aRU _bELAR _2rusmarc |
|
| 852 |
_aNLR _j85-4/20657 |
||
| 942 | _cBOOK | ||
| 980 | _aNB | ||